[Event "CXU Nytår 2015 Øbro"]
[Site "?"]
[Date "2015.12.31"]
[Round "7.1"]
[White "Nordenbæk Pedersen, 2213, Jan"]
[Black "Hector, 2499, GM Jonny"]
[Result "1/2-1/2"]
[BlackElo "2499"]
[WhiteElo "2213"]
[LiveChessVersion "1.4.6"]

1. e4 {[%clk 1:59:24]} e5 {[%clk 1:59:55]} 2. Nf3 {[%clk 1:59:15]} Nc6
{[%clk 1:59:46]} 3. Bc4 {[%clk 1:58:21]} Nf6 {[%clk 1:59:25]} 4. d3
{[%clk 1:57:24]} Bc5 {[%clk 1:59:05]} 5. c3 {[%clk 1:57:15]} O-O {[%clk 1:58:39]}
6. O-O {[%clk 1:56:34]} d5 {[%clk 1:58:22]} 7. exd5 {[%clk 1:55:52]} Nxd5
{[%clk 1:58:17]} 8. Bg5 {[%clk 1:52:20]} Nf6 {[%clk 1:54:14]} 9. b4
{[%clk 1:51:08]} Bd6 {[%clk 1:51:30]} 10. Nbd2 {[%clk 1:50:33]} h6
{[%clk 1:50:01]} 11. Bh4 {[%clk 1:46:43]} Bf5 {[%clk 1:44:41]} 12. Re1
{[%clk 1:36:43]} a6 {[%clk 1:42:42]} 13. a4 {[%clk 1:34:08]} Re8 {[%clk 1:39:53]}
14. Qb3 {[%clk 1:31:05]} Bg6 {[%clk 1:37:35]} 15. Bd5 {[%clk 1:20:18]} Qd7
{[%clk 1:29:35]} 16. Bxf6 {[%clk 1:19:15]} gxf6 {[%clk 1:29:30]} 17. Ne4
{[%clk 1:18:58]} Kg7 {[%clk 1:25:36]} 18. Nh4 {[%clk 1:10:44]} Nd8
{[%clk 1:18:56]} 19. Ng3 {[%clk 1:07:23]} f5 {[%clk 1:15:33]} 20. Qd1
{[%clk 1:06:29]} Bf8 {[%clk 1:05:04]} 21. Bc4 {[%clk 1:03:30]} Kh7
{[%clk 0:55:42]} 22. Qf3 {[%clk 0:56:39]} f4 {[%clk 0:55:06]} 23. Nxg6
{[%clk 0:55:48]} fxg6 {[%clk 0:54:45]} 24. Ne4 {[%clk 0:55:14]} Bg7
{[%clk 0:53:34]} 25. Nc5 {[%clk 0:53:28]} Qc8 {[%clk 0:51:58]} 26. a5
{[%clk 0:49:27]} Rf8 {[%clk 0:44:25]} 27. Ra2 {[%clk 0:46:17]} Ra7
{[%clk 0:37:38]} 28. d4 {[%clk 0:39:18]} exd4 {[%clk 0:28:54]} 29. cxd4
{[%clk 0:33:45]} b6 {[%clk 0:27:11]} 30. Ne6 {[%clk 0:26:06]} Nxe6
{[%clk 0:22:35]} 31. Rxe6 {[%clk 0:25:56]} b5 {[%clk 0:18:35]} 32. Bb3
{[%clk 0:21:02]} c6 {[%clk 0:12:24]} 33. h4 {[%clk 0:17:14]} Qd8 {[%clk 0:07:09]}
34. Qg4 {[%clk 0:09:02]} Rf6 {[%clk 0:05:59]} 35. Rae2 {[%clk 0:08:02]} h5
{[%clk 0:02:33]} 36. Qf3 {[%clk 0:06:54]} Qxd4 {[%clk 0:02:15]} 37. Bc2
{[%clk 0:06:03]} Qd5 {[%clk 0:02:14]} 38. R6e4 {[%clk 0:04:21]} Rd7
{[%clk 0:01:29]} 39. Qh3 {[%clk 0:03:20]} Qf5 {[%clk 0:00:58]} 40. Qxf5
{[%clk 0:01:00]} Rxf5 {[%clk 0:00:49]} 41. Re6 {[%clk 0:00:38]} Rf6
{[%clk 0:29:37]} 42. Rxf6 {[%clk 0:30:30]} Bxf6 {[%clk 0:29:33]} 43. Re6
{[%clk 0:30:25]} Rd2 {[%clk 0:24:49]} 44. Rxc6 {[%clk 0:30:05]} Bxh4
{[%clk 0:23:33]} 45. Bxg6+ {[%clk 0:29:02]} 1/2-1/2

[Event "CXU Nytår 2015 Øbro"]
[Site "?"]
[Date "2015.12.31"]
[Round "7.2"]
[White "Haubro, 2365, FM Martin"]
[Black "Arni Nilssen, 2262, IM John"]
[Result "1/2-1/2"]
[BlackElo "2262"]
[WhiteElo "2365"]
[LiveChessVersion "1.4.6"]

1. e4 {[%clk 1:59:58]} c5 {[%clk 1:59:53]} 2. Nf3 {[%clk 1:59:53]} Nc6
{[%clk 1:59:48]} 3. d4 {[%clk 1:59:49]} cxd4 {[%clk 1:59:43]} 4. Nxd4
{[%clk 1:59:45]} e5 {[%clk 1:59:34]} 5. Nb5 {[%clk 1:59:13]} d6 {[%clk 1:59:27]}
6. c4 {[%clk 1:57:52]} Be7 {[%clk 1:59:19]} 7. Bd3 {[%clk 1:56:00]} Nf6
{[%clk 1:54:26]} 8. N1c3 {[%clk 1:54:54]} a6 {[%clk 1:54:13]} 9. Na3
{[%clk 1:54:50]} Be6 {[%clk 1:50:10]} 10. O-O {[%clk 1:51:17]} O-O
{[%clk 1:49:24]} 11. Nc2 {[%clk 1:49:42]} Rc8 {[%clk 1:45:53]} 12. b3
{[%clk 1:46:09]} b5 {[%clk 1:39:28]} 13. cxb5 {[%clk 1:31:27]} Na7
{[%clk 1:39:05]} 14. Bb2 {[%clk 1:29:44]} Nxb5 {[%clk 1:38:05]} 15. Nxb5
{[%clk 1:29:33]} axb5 {[%clk 1:37:59]} 16. Ne3 {[%clk 1:25:31]} Qb6
{[%clk 1:34:36]} 17. Qe2 {[%clk 1:17:53]} b4 {[%clk 1:06:10]} 18. Nc4
{[%clk 1:03:49]} Qb7 {[%clk 1:03:01]} 19. f3 {[%clk 1:01:05]} Nh5
{[%clk 0:48:45]} 20. g3 {[%clk 0:59:16]} Nf6 {[%clk 0:47:29]} 21. Ne3
{[%clk 0:53:24]} Rc5 {[%clk 0:41:12]} 22. Rac1 {[%clk 0:52:52]} Nd7
{[%clk 0:30:16]} 23. Rfd1 {[%clk 0:51:09]} Qa7 {[%clk 0:30:05]} 24. Bb1
{[%clk 0:49:27]} d5 {[%clk 0:23:33]} 25. exd5 {[%clk 0:44:10]} Bxd5
{[%clk 0:17:10]} 26. Rxc5 {[%clk 0:39:59]} Bxc5 {[%clk 0:16:45]} 27. Rxd5
{[%clk 0:39:54]} Bxe3+ {[%clk 0:16:33]} 28. Kg2 {[%clk 0:39:51]} Nf6
{[%clk 0:13:20]} 29. Rxe5 {[%clk 0:32:24]} Bd4 {[%clk 0:13:11]} 30. Re7
{[%clk 0:28:48]} Qc5 {[%clk 0:12:27]} 31. Bxd4 {[%clk 0:28:39]} Qxd4
{[%clk 0:12:22]} 32. Qd3 {[%clk 0:28:32]} Qb6 {[%clk 0:08:13]} 33. Qc4
{[%clk 0:19:24]} Qd6 {[%clk 0:08:10]} 34. Re2 {[%clk 0:19:17]} g6
{[%clk 0:07:34]} 35. Qd3 {[%clk 0:16:58]} Nd5 {[%clk 0:05:45]} 36. Qd2
{[%clk 0:14:34]} Rd8 {[%clk 0:05:04]} 37. Bc2 {[%clk 0:00:33]} Qc7
{[%clk 0:02:51]} 38. Qe1 {[%clk 0:00:32]} Nc3 {[%clk 0:01:24]} 39. Re8+
{[%clk 0:00:21]} Rxe8 {[%clk 0:01:20]} 40. Qxe8+ {[%clk 0:00:20]} Kg7
{[%clk 0:01:12]} 41. Qe3 {[%clk 0:21:50]} Nxa2 {[%clk 0:25:59]} 42. Qd4+
{[%clk 0:21:43]} Kg8 {[%clk 0:25:49]} 43. Bb1 {[%clk 0:19:56]} Nc3
{[%clk 0:24:48]} 44. Bd3 {[%clk 0:19:52]} Qe7 {[%clk 0:22:26]} 45. h4
{[%clk 0:19:22]} h5 {[%clk 0:21:49]} 46. f4 {[%clk 0:15:38]} Nd1 {[%clk 0:16:57]}
47. Be4 {[%clk 0:11:12]} Nc3 {[%clk 0:16:37]} 48. Bf3 {[%clk 0:10:58]} f5
{[%clk 0:09:51]} 49. Kh2 {[%clk 0:10:54]} Kh7 {[%clk 0:09:11]} 50. Kg2
{[%clk 0:09:42]} Kg8 {[%clk 0:09:09]} 51. Kf2 {[%clk 0:09:36]} Kh7
{[%clk 0:08:24]} 52. Qe5 {[%clk 0:08:43]} Qa7+ {[%clk 0:08:17]} 53. Kf1
{[%clk 0:04:51]} Qa6+ {[%clk 0:07:23]} 54. Be2 {[%clk 0:04:24]} Qa1+
{[%clk 0:03:53]} 55. Kg2 {[%clk 0:04:20]} Qa2 {[%clk 0:03:26]} 56. Qe7+
{[%clk 0:04:11]} 1/2-1/2

[Event "CXU Nytår 2015 Øbro"]
[Site "?"]
[Date "2015.12.31"]
[Round "7.3"]
[White "Schou-Moldt, 2230, Thomas"]
[Black "Freyr Heimisson, 1947, Hilmir"]
[Result "1/2-1/2"]
[BlackElo "1947"]
[WhiteElo "2230"]
[LiveChessVersion "1.4.6"]

1. e4 {[%clk 1:57:19]} e5 {[%clk 1:59:51]} 2. Nf3 {[%clk 1:57:03]} Nc6
{[%clk 1:59:40]} 3. d4 {[%clk 1:56:49]} exd4 {[%clk 1:59:04]} 4. Nxd4
{[%clk 1:56:47]} d6 {[%clk 1:55:40]} 5. Nxc6 {[%clk 1:54:35]} bxc6
{[%clk 1:55:26]} 6. Bd3 {[%clk 1:53:46]} Nf6 {[%clk 1:54:02]} 7. Qe2
{[%clk 1:51:30]} Be7 {[%clk 1:52:59]} 8. O-O {[%clk 1:51:06]} O-O
{[%clk 1:52:33]} 9. Nc3 {[%clk 1:50:02]} Rb8 {[%clk 1:51:26]} 10. Kh1
{[%clk 1:39:54]} h6 {[%clk 1:48:30]} 11. f4 {[%clk 1:38:10]} Bg4 {[%clk 1:46:40]}
12. Qf2 {[%clk 1:37:17]} Bh5 {[%clk 1:29:51]} 13. Ne2 {[%clk 1:19:27]} Bg6
{[%clk 1:25:14]} 14. f5 {[%clk 1:10:09]} Bh7 {[%clk 1:24:41]} 15. Bd2
{[%clk 0:58:43]} Rxb2 {[%clk 1:18:11]} 16. Bc3 {[%clk 0:58:09]} Rb8
{[%clk 1:17:59]} 17. Rad1 {[%clk 0:56:30]} Nd7 {[%clk 1:13:32]} 18. e5
{[%clk 0:53:47]} Nxe5 {[%clk 0:51:26]} 19. Bxe5 {[%clk 0:53:26]} dxe5
{[%clk 0:50:33]} 20. f6 {[%clk 0:53:18]} Bd6 {[%clk 0:43:10]} 21. Bxh7+
{[%clk 0:50:57]} Kxh7 {[%clk 0:43:03]} 22. fxg7 {[%clk 0:50:49]} Kxg7
{[%clk 0:42:31]} 23. Ng3 {[%clk 0:50:27]} Rb4 {[%clk 0:37:55]} 24. Qe2
{[%clk 0:37:50]} Qg5 {[%clk 0:30:35]} 25. Nf5+ {[%clk 0:37:33]} Kh7
{[%clk 0:28:27]} 26. c4 {[%clk 0:36:57]} Rbb8 {[%clk 0:23:11]} 27. Qe4
{[%clk 0:35:51]} Kh8 {[%clk 0:20:43]} 28. Rd3 {[%clk 0:31:42]} Rg8
{[%clk 0:16:11]} 29. Nxh6 {[%clk 0:25:15]} f5 {[%clk 0:15:53]} 30. Qxc6
{[%clk 0:15:35]} Qxh6 {[%clk 0:12:46]} 31. Rh3 {[%clk 0:15:25]} Qxh3
{[%clk 0:12:34]} 32. gxh3 {[%clk 0:14:58]} Rb2 {[%clk 0:11:51]} 33. c5
{[%clk 0:09:24]} Rc2 {[%clk 0:10:56]} 34. Qf3 {[%clk 0:08:58]} Rxh2+
{[%clk 0:09:25]} 35. Kxh2 {[%clk 0:08:16]} e4+ {[%clk 0:09:24]} 36. cxd6
{[%clk 0:07:56]} exf3 {[%clk 0:09:07]} 37. dxc7 {[%clk 0:06:51]} Rg2+
{[%clk 0:09:00]} 38. Kh1 {[%clk 0:06:39]} Rc2 {[%clk 0:08:57]} 39. Rxf3
{[%clk 0:06:24]} Rxc7 {[%clk 0:08:41]} 40. Rxf5 {[%clk 0:06:07]} Kg7
{[%clk 0:07:56]} 41. Ra5 {[%clk 0:05:11]} Kf6 {[%clk 0:07:03]} 42. h4
{[%clk 0:03:37]} Rg7 {[%clk 0:06:51]} 43. Kh2 {[%clk 0:02:58]} Ke6
{[%clk 0:06:32]} 44. Kh3 {[%clk 0:01:47]} Kf6 {[%clk 0:06:31]} 45. a4
{[%clk 0:00:46]} Ke6 {[%clk 0:06:08]} 46. Rg5 {[%clk 0:28:51]} Rc7
{[%clk 0:35:13]} 47. a5 {[%clk 0:26:24]} Kf6 {[%clk 0:34:30]} 48. Kg4
{[%clk 0:24:44]} Rc4+ {[%clk 0:33:30]} 49. Kh5 {[%clk 0:24:20]} Kf7
{[%clk 0:32:10]} 50. Rb5 {[%clk 0:20:51]} Kf6 {[%clk 0:31:27]} 51. Rd5
{[%clk 0:17:54]} Rb4 {[%clk 0:30:45]} 52. Rd6+ {[%clk 0:17:06]} Kf5
{[%clk 0:29:47]} 53. a6 {[%clk 0:14:55]} Rb8 {[%clk 0:29:18]} 54. Rh6
{[%clk 0:13:17]} Rd8 {[%clk 0:28:20]} 55. Rh7 {[%clk 0:12:17]} Rf8
{[%clk 0:28:05]} 56. Rh6 {[%clk 0:08:26]} Rd8 {[%clk 0:27:22]} 57. Rh7 Ke5
1/2-1/2

[Event "CXU Nytår 2015 Øbro"]
[Site "?"]
[Date "2015.12.31"]
[Round "7.4"]
[White "Manosri Jacobsen, 2203, FM Mikkel"]
[Black "Søndergård Thybo, 2289, FM Jesper"]
[Result "0-1"]
[BlackElo "2289"]
[WhiteElo "2203"]
[LiveChessVersion "1.4.6"]

1. d4 {[%clk 1:59:56]} Nf6 {[%clk 1:58:20]} 2. c4 {[%clk 1:59:46]} g6
{[%clk 1:57:33]} 3. Nc3 {[%clk 1:59:39]} d5 {[%clk 1:57:16]} 4. e3
{[%clk 1:59:10]} Bg7 {[%clk 1:57:03]} 5. cxd5 {[%clk 1:59:04]} Nxd5
{[%clk 1:56:36]} 6. Nxd5 {[%clk 1:58:59]} Qxd5 {[%clk 1:56:23]} 7. Ne2
{[%clk 1:58:37]} O-O {[%clk 1:54:42]} 8. Nc3 {[%clk 1:58:32]} Qd8
{[%clk 1:53:53]} 9. Be2 {[%clk 1:56:59]} c5 {[%clk 1:51:52]} 10. dxc5
{[%clk 1:56:05]} Qa5 {[%clk 1:51:45]} 11. O-O {[%clk 1:54:47]} Rd8
{[%clk 1:46:34]} 12. Qb3 {[%clk 1:49:06]} Qxc5 {[%clk 1:44:47]} 13. Rd1
{[%clk 1:43:01]} Rxd1+ {[%clk 1:43:43]} 14. Nxd1 {[%clk 1:42:55]} Nc6
{[%clk 1:43:04]} 15. Bd2 {[%clk 1:34:47]} Rb8 {[%clk 1:39:45]} 16. Qb5
{[%clk 1:32:21]} Qc2 {[%clk 1:33:20]} 17. Qd3 {[%clk 1:30:47]} Qxd3
{[%clk 1:30:22]} 18. Bxd3 {[%clk 1:30:45]} Be6 {[%clk 1:29:37]} 19. Bc3
{[%clk 1:25:43]} Rd8 {[%clk 1:27:45]} 20. Bxg7 {[%clk 1:25:10]} Rxd3
{[%clk 1:27:19]} 21. Bc3 {[%clk 1:24:11]} Bxa2 {[%clk 1:27:13]} 22. Kf1
{[%clk 1:22:11]} Bc4 {[%clk 1:23:40]} 23. Ke1 {[%clk 1:22:00]} f5
{[%clk 1:21:48]} 24. Ra3 {[%clk 1:16:49]} a5 {[%clk 1:07:10]} 25. Bd2
{[%clk 1:02:49]} Rxa3 {[%clk 0:54:26]} 26. bxa3 {[%clk 1:02:48]} b5
{[%clk 0:54:24]} 27. Nb2 {[%clk 0:59:03]} Bd5 {[%clk 0:53:50]} 28. f3
{[%clk 0:57:59]} Kf7 {[%clk 0:52:13]} 29. Nd3 {[%clk 0:54:45]} Bc4
{[%clk 0:51:15]} 30. Nb2 {[%clk 0:54:31]} Ba2 {[%clk 0:48:16]} 31. Bc3
{[%clk 0:50:51]} Ke6 {[%clk 0:47:27]} 32. Kf2 {[%clk 0:49:45]} Kd5
{[%clk 0:46:07]} 33. Kg3 {[%clk 0:48:02]} Bb1 {[%clk 0:38:49]} 34. Kh4
{[%clk 0:45:12]} b4 {[%clk 0:36:23]} 35. axb4 {[%clk 0:45:05]} axb4
{[%clk 0:36:15]} 36. Bd2 {[%clk 0:42:14]} h6 {[%clk 0:34:34]} 37. h3
{[%clk 0:35:30]} Kc5 {[%clk 0:32:28]} 38. g4 {[%clk 0:30:57]} Ne5
{[%clk 0:31:22]} 39. Kg3 {[%clk 0:30:50]} Nc4 {[%clk 0:30:43]} 40. Nxc4
{[%clk 0:30:39]} Kxc4 {[%clk 0:30:41]} 41. gxf5 {[%clk 0:29:54]} Bxf5
{[%clk 0:29:47]} 42. e4 {[%clk 0:29:46]} b3 {[%clk 0:29:37]} 43. Bc1
{[%clk 0:29:40]} Bc8 {[%clk 0:29:13]} 44. h4 {[%clk 0:26:41]} Kd3
{[%clk 0:28:46]} 45. h5 {[%clk 0:26:13]} g5 {[%clk 0:27:42]} 46. f4
{[%clk 0:24:05]} g4 {[%clk 0:27:39]} 47. f5 {[%clk 0:23:23]} Kxe4 0-1

[Event "CXU Nytår 2015 Øbro"]
[Site "?"]
[Date "2015.12.31"]
[Round "7.5"]
[White "Danielsen, 2502, GM Henrik"]
[Black "Gajic, 2240, Mladen"]
[Result "1/2-1/2"]
[BlackElo "2240"]
[WhiteElo "2502"]
[LiveChessVersion "1.4.6"]

1. e4 {[%clk 1:54:50]} Nf6 {[%clk 1:59:41]} 2. d3 {[%clk 1:54:39]} d5
{[%clk 1:59:05]} 3. Nd2 {[%clk 1:54:31]} e5 {[%clk 1:58:29]} 4. Ngf3
{[%clk 1:54:18]} Nc6 {[%clk 1:58:17]} 5. c3 {[%clk 1:53:59]} a5 {[%clk 1:55:55]}
6. Be2 {[%clk 1:53:51]} dxe4 {[%clk 1:47:30]} 7. dxe4 {[%clk 1:53:27]} Bc5
{[%clk 1:47:15]} 8. O-O {[%clk 1:52:43]} O-O {[%clk 1:47:08]} 9. a4
{[%clk 1:51:56]} Qe7 {[%clk 1:46:31]} 10. Qc2 {[%clk 1:51:05]} Rd8
{[%clk 1:38:05]} 11. Nc4 {[%clk 1:50:01]} Nh5 {[%clk 1:36:46]} 12. Re1
{[%clk 1:34:02]} Be6 {[%clk 1:09:44]} 13. b3 {[%clk 1:25:46]} Rd7
{[%clk 1:03:30]} 14. g3 {[%clk 1:19:25]} g6 {[%clk 0:51:47]} 15. Kg2
{[%clk 1:17:57]} f6 {[%clk 0:50:16]} 16. Bd2 {[%clk 1:11:31]} Kh8
{[%clk 0:48:16]} 17. Rad1 {[%clk 1:11:08]} Ng7 {[%clk 0:45:21]} 18. Bc1
{[%clk 1:10:22]} Rad8 {[%clk 0:44:58]} 19. Bh6 {[%clk 0:59:48]} Rxd1
{[%clk 0:42:32]} 20. Rxd1 {[%clk 0:58:25]} Rxd1 {[%clk 0:42:17]} 21. Qxd1
{[%clk 0:57:36]} Qd7 {[%clk 0:42:05]} 22. Qc2 {[%clk 0:55:48]} Bh3+
{[%clk 0:41:43]} 23. Kg1 {[%clk 0:55:18]} g5 {[%clk 0:38:21]} 24. Bxg7+
{[%clk 0:54:29]} Kxg7 {[%clk 0:37:39]} 25. Ne1 {[%clk 0:52:06]} Be6
{[%clk 0:23:51]} 26. Nd2 {[%clk 0:50:12]} Ne7 {[%clk 0:21:00]} 27. Bc4
{[%clk 0:49:01]} Bh3 {[%clk 0:20:42]} 28. Bf1 {[%clk 0:46:51]} Be6
{[%clk 0:15:18]} 29. Nd3 {[%clk 0:45:40]} Ba7 {[%clk 0:15:03]} 30. Nb2
{[%clk 0:44:54]} Bc5 {[%clk 0:10:27]} 31. Ndc4 {[%clk 0:44:15]} b6
{[%clk 0:09:07]} 32. Nd2 {[%clk 0:41:39]} Nc8 {[%clk 0:07:38]} 33. Bc4
{[%clk 0:38:59]} Bh3 {[%clk 0:07:05]} 34. Nd3 {[%clk 0:37:00]} Be7
{[%clk 0:06:52]} 35. Ba6 {[%clk 0:32:43]} c6 {[%clk 0:05:13]} 36. Bxc8
{[%clk 0:26:06]} Qxc8 {[%clk 0:05:11]} 37. b4 {[%clk 0:22:48]} Qa6
{[%clk 0:04:10]} 38. bxa5 {[%clk 0:21:48]} Qxa5 {[%clk 0:03:47]} 39. Nc4
{[%clk 0:21:23]} Qa6 {[%clk 0:03:36]} 40. Ne3 {[%clk 0:21:00]} h5
{[%clk 0:00:18]} 41. f3 {[%clk 0:19:12]} Qa7 {[%clk 0:17:52]} 42. Kf2
{[%clk 0:48:48]} Be6 {[%clk 0:15:54]} 43. c4 {[%clk 0:45:45]} Qa5
{[%clk 0:14:37]} 44. f4 {[%clk 0:42:19]} exf4 {[%clk 0:13:21]} 45. gxf4
{[%clk 0:42:12]} Bd6 {[%clk 0:12:52]} 46. e5 {[%clk 0:27:19]} fxe5
{[%clk 0:11:44]} 47. Qb2 {[%clk 0:27:05]} Kg8 {[%clk 0:07:50]} 48. fxe5
{[%clk 0:23:58]} Bc7 {[%clk 0:07:14]} 49. c5 {[%clk 0:21:32]} bxc5
{[%clk 0:06:39]} 50. Qc2 {[%clk 0:21:18]} c4 {[%clk 0:04:26]} 51. Nc5
{[%clk 0:11:47]} Bf7 {[%clk 0:03:16]} 52. e6 {[%clk 0:11:39]} Qxc5
{[%clk 0:03:12]} 53. exf7+ {[%clk 0:11:35]} Kg7 {[%clk 0:02:45]} 54. Qc3+
{[%clk 0:04:09]} Kxf7 {[%clk 0:02:28]} 55. Kg2 {[%clk 0:03:42]} Bb6
{[%clk 0:02:08]} 56. Qxc4+ {[%clk 0:03:32]} Qxc4 {[%clk 0:02:08]} 57. Nxc4
{[%clk 0:03:20]} Bc7 {[%clk 0:02:05]} 58. a5 {[%clk 0:03:17]} Ke6
{[%clk 0:01:55]} 59. h3 {[%clk 0:02:52]} c5 {[%clk 0:01:47]} 60. Kf3
{[%clk 0:02:24]} Kd5 {[%clk 0:01:06]} 61. a6 {[%clk 0:02:18]} Bb8
{[%clk 0:01:05]} 62. Nb6+ {[%clk 0:01:07]} Kd4 {[%clk 0:01:03]} 63. Nc8
{[%clk 0:00:32]} c4 {[%clk 0:00:59]} 64. a7 {[%clk 0:00:31]} Bxa7
{[%clk 0:00:59]} 65. Nxa7 {[%clk 0:00:31]} c3 {[%clk 0:00:38]} 66. Nb5+
{[%clk 0:00:30]} Kd3 {[%clk 0:00:37]} 67. Nxc3 Kxc3 {[%clk 0:00:36]} 68. Ke4
{[%clk 0:00:19]} Kd2 {[%clk 0:00:31]} 69. Kf5 {[%clk 0:00:18]} g4
{[%clk 0:00:22]} 70. hxg4 {[%clk 0:00:17]} hxg4 {[%clk 0:00:08]} 1/2-1/2

[Event "CXU Nytår 2015 Øbro"]
[Site "?"]
[Date "2015.12.31"]
[Round "7.6"]
[White "Bech Hansen, 2297, FM Søren"]
[Black "Mørch Lauridsen, 2320, FM Jesper"]
[Result "1/2-1/2"]
[BlackElo "2320"]
[WhiteElo "2297"]
[LiveChessVersion "1.4.6"]

1. e4 {[%clk 1:59:53]} c5 {[%clk 1:59:57]} 2. Nf3 {[%clk 1:59:36]} g6
{[%clk 1:59:20]} 3. Bc4 {[%clk 1:59:08]} Bg7 {[%clk 1:58:48]} 4. c3
{[%clk 1:59:01]} e6 {[%clk 1:51:28]} 5. d4 {[%clk 1:58:41]} cxd4 {[%clk 1:50:14]}
6. Nxd4 {[%clk 1:58:35]} a6 {[%clk 1:48:44]} 7. O-O {[%clk 1:58:23]} Ne7
{[%clk 1:44:37]} 8. Bg5 {[%clk 1:54:43]} b5 {[%clk 1:43:26]} 9. Bb3
{[%clk 1:53:14]} Bb7 {[%clk 1:43:12]} 10. Nd2 {[%clk 1:48:44]} Nbc6
{[%clk 1:41:26]} 11. Nxc6 {[%clk 1:45:00]} Bxc6 {[%clk 1:41:17]} 12. Qf3
{[%clk 1:43:22]} f5 {[%clk 1:29:30]} 13. Qg3 {[%clk 1:37:19]} fxe4
{[%clk 1:18:13]} 14. Rfe1 {[%clk 1:31:43]} Qb8 {[%clk 0:45:01]} 15. Nxe4
{[%clk 1:15:11]} Qxg3 {[%clk 0:40:47]} 16. hxg3 {[%clk 1:14:30]} Bxe4
{[%clk 0:39:16]} 17. Rxe4 {[%clk 1:14:04]} h6 {[%clk 0:32:35]} 18. Bf4
{[%clk 1:07:50]} Kf7 {[%clk 0:24:36]} 19. Rae1 {[%clk 1:00:55]} Nc6
{[%clk 0:19:06]} 20. Bd6 {[%clk 0:57:35]} Bf6 {[%clk 0:11:28]} 21. a4
{[%clk 0:46:06]} Na5 {[%clk 0:10:27]} 22. Ba2 {[%clk 0:45:32]} Nb7
{[%clk 0:08:51]} 23. Ba3 {[%clk 0:42:15]} g5 {[%clk 0:06:17]} 24. f4
{[%clk 0:39:41]} Kg7 {[%clk 0:05:16]} 25. Bb1 {[%clk 0:34:52]} Rhc8
{[%clk 0:04:08]} 26. Rd1 {[%clk 0:32:32]} Rc7 {[%clk 0:03:46]} 27. Kf1
{[%clk 0:25:41]} Rd8 {[%clk 0:03:36]} 28. axb5 {[%clk 0:23:24]} axb5
{[%clk 0:03:34]} 29. Bb4 {[%clk 0:21:33]} Rc4 {[%clk 0:02:59]} 30. Re2
{[%clk 0:18:35]} gxf4 {[%clk 0:02:30]} 31. Ba2 {[%clk 0:18:22]} Rc6
{[%clk 0:01:54]} 32. gxf4 {[%clk 0:18:10]} Bh4 {[%clk 0:01:35]} 33. g3
{[%clk 0:16:59]} Bf6 {[%clk 0:01:34]} 34. Red2 {[%clk 0:12:59]} Rc7
{[%clk 0:01:05]} 35. Bb1 {[%clk 0:11:59]} d5 {[%clk 0:00:41]} 36. f5
{[%clk 0:10:27]} Bg5 {[%clk 0:00:40]} 37. fxe6 {[%clk 0:03:59]} Bxd2
{[%clk 0:00:31]} 38. e7 {[%clk 0:03:54]} Re8 {[%clk 0:00:06]} 39. Rxd2
{[%clk 0:03:53]} Nc5 {[%clk 0:00:03]} 40. Rxd5 Rcxe7 41. Bxc5 {[%clk 0:25:20]}
Re1+ {[%clk 0:29:48]} 42. Kf2 {[%clk 0:24:26]} Rxb1 {[%clk 0:29:19]} 43. Bd4+
{[%clk 0:23:46]} Kg6 {[%clk 0:29:03]} 44. Rxb5 {[%clk 0:23:20]} Rd1
{[%clk 0:24:42]} 45. Be3 {[%clk 0:19:15]} Rd6 {[%clk 0:17:09]} 46. b4
{[%clk 0:18:06]} Rf6+ {[%clk 0:16:17]} 47. Bf4 {[%clk 0:17:21]} Rc8
{[%clk 0:14:48]} 48. Rc5 {[%clk 0:16:04]} Rxc5 {[%clk 0:14:10]} 49. bxc5
{[%clk 0:15:59]} Rf5 {[%clk 0:14:03]} 50. Ke3 {[%clk 0:12:33]} Rxc5
{[%clk 0:13:57]} 51. Kd4 {[%clk 0:12:30]} Rc8 {[%clk 0:10:47]} 52. c4
{[%clk 0:12:26]} h5 {[%clk 0:10:22]} 53. c5 {[%clk 0:11:26]} Kf5 {[%clk 0:10:05]}
54. Bd6 {[%clk 0:11:12]} Kg4 {[%clk 0:04:35]} 55. Kd5 {[%clk 0:10:57]} h4
{[%clk 0:03:42]} 56. Ke4 1/2-1/2

[Event "CXU Nytår 2015 Øbro"]
[Site "?"]
[Date "2015.12.31"]
[Round "7.7"]
[White "Valentin Rostgaard, 2279, Tobias"]
[Black "Ramsdal, 2182, Jens"]
[Result "1-0"]
[BlackElo "2182"]
[WhiteElo "2279"]
[LiveChessVersion "1.4.6"]

1. d4 {[%clk 1:59:54]} Nf6 {[%clk 1:59:56]} 2. Nf3 {[%clk 1:59:35]} g6
{[%clk 1:59:53]} 3. c4 {[%clk 1:59:28]} Bg7 {[%clk 1:59:49]} 4. Nc3
{[%clk 1:59:21]} O-O {[%clk 1:59:40]} 5. Bf4 {[%clk 1:59:14]} d6 {[%clk 1:59:26]}
6. e3 {[%clk 1:59:08]} Nbd7 {[%clk 1:56:44]} 7. h3 {[%clk 1:58:45]} Re8
{[%clk 1:56:05]} 8. Be2 {[%clk 1:58:25]} e5 {[%clk 1:54:35]} 9. dxe5
{[%clk 1:54:18]} dxe5 {[%clk 1:54:21]} 10. Nxe5 {[%clk 1:46:21]} Qe7
{[%clk 1:47:57]} 11. Nxd7 {[%clk 1:44:05]} Bxd7 {[%clk 1:47:52]} 12. O-O
{[%clk 1:43:20]} c6 {[%clk 1:43:00]} 13. Qd6 {[%clk 1:38:19]} Qxd6
{[%clk 1:37:40]} 14. Bxd6 {[%clk 1:38:13]} Ne4 {[%clk 1:36:36]} 15. Nxe4
{[%clk 1:37:51]} Rxe4 {[%clk 1:36:32]} 16. Ba3 {[%clk 1:31:31]} Be6
{[%clk 1:29:59]} 17. Rac1 {[%clk 1:28:59]} b5 {[%clk 1:28:33]} 18. cxb5
{[%clk 1:28:21]} cxb5 {[%clk 1:28:22]} 19. Bf3 {[%clk 1:27:55]} 1-0

[Event "CXU Nytår 2015 Øbro"]
[Site "?"]
[Date "2015.12.31"]
[Round "7.8"]
[White "Brustrup Petersen, 2046, Steen"]
[Black "Jørgen Jørgensen, 2270, Brian"]
[Result "0-1"]
[BlackElo "2270"]
[WhiteElo "2046"]
[LiveChessVersion "1.4.6"]

1. e4 {[%clk 1:59:57]} e6 {[%clk 1:59:55]} 2. d3 {[%clk 1:59:37]} d5
{[%clk 1:59:49]} 3. Nd2 {[%clk 1:59:32]} c5 {[%clk 1:59:41]} 4. Ngf3
{[%clk 1:59:26]} Nc6 {[%clk 1:59:28]} 5. g3 {[%clk 1:59:15]} g6 {[%clk 1:59:23]}
6. Bg2 {[%clk 1:58:45]} Bg7 {[%clk 1:59:18]} 7. O-O {[%clk 1:58:27]} Nge7
{[%clk 1:59:15]} 8. Re1 {[%clk 1:57:30]} O-O {[%clk 1:59:06]} 9. c3
{[%clk 1:55:05]} b6 {[%clk 1:57:04]} 10. Nf1 {[%clk 1:49:17]} Ba6
{[%clk 1:53:03]} 11. e5 {[%clk 1:48:07]} Qc7 {[%clk 1:52:46]} 12. Bf4
{[%clk 1:47:11]} b5 {[%clk 1:37:37]} 13. d4 {[%clk 1:28:48]} b4 {[%clk 1:36:51]}
14. Qd2 {[%clk 1:16:13]} bxc3 {[%clk 1:35:47]} 15. bxc3 {[%clk 1:09:41]} cxd4
{[%clk 1:34:16]} 16. cxd4 {[%clk 1:09:38]} Qa5 {[%clk 1:34:05]} 17. Rec1
{[%clk 1:04:47]} Rfc8 {[%clk 1:33:11]} 18. Bg5 {[%clk 0:59:49]} Qxd2
{[%clk 1:30:12]} 19. N1xd2 {[%clk 0:59:06]} Nf5 {[%clk 1:29:59]} 20. Nb3
{[%clk 0:55:25]} Be2 {[%clk 1:25:11]} 21. g4 {[%clk 0:50:12]} Bxf3
{[%clk 1:22:36]} 22. gxf5 {[%clk 0:50:07]} Bxg2 {[%clk 1:21:53]} 23. Kxg2
{[%clk 0:49:52]} gxf5 {[%clk 1:21:07]} 24. Rc3 {[%clk 0:39:51]} h6
{[%clk 1:18:37]} 25. Bf6 {[%clk 0:38:18]} Ne7 {[%clk 1:10:06]} 26. Rg3
{[%clk 0:31:28]} Ng6 {[%clk 1:09:58]} 27. Nc5 {[%clk 0:31:17]} Bxf6
{[%clk 1:08:32]} 28. exf6 {[%clk 0:31:15]} Kh7 {[%clk 1:07:18]} 29. Rb1
{[%clk 0:21:38]} f4 {[%clk 1:01:40]} 30. Rgb3 {[%clk 0:17:50]} Rc7
{[%clk 0:50:44]} 31. Rb7 {[%clk 0:15:34]} Rac8 {[%clk 0:48:13]} 32. Kf3
{[%clk 0:09:45]} h5 {[%clk 0:37:37]} 33. Nd3 {[%clk 0:07:49]} Kh6
{[%clk 0:36:35]} 34. R1b3 {[%clk 0:03:56]} Kg5 {[%clk 0:35:28]} 35. Ne5
{[%clk 0:02:39]} Nxe5+ {[%clk 0:33:57]} 36. dxe5 {[%clk 0:02:37]} Kf5
{[%clk 0:33:46]} 37. R3b4 {[%clk 0:01:56]} Kxe5 {[%clk 0:33:33]} 0-1